[Event "MP do 16 lat - chlopcy"]
[Site "Sypniewo"]
[Date "2022.03.22"]
[Round "4.13"]
[White "Wnek, Filip"]
[Black "Trzebinski, Patryk"]
[Result "1/2-1/2"]
[BlackElo "1711"]
[WhiteElo "2033"]
[LiveChessVersion "1.4.8"]

1. e4 {[%clk 1:30:57]} c5 {[%clk 1:30:52]} 2. Nf3 {[%clk 1:31:14]} a6
{[%clk 1:31:09]} 3. c4 {[%clk 1:31:25]} e6 {[%clk 1:31:11]} 4. Nc3
{[%clk 1:31:13]} Nf6 {[%clk 1:28:49]} 5. e5 {[%clk 1:29:05]} Ng8 {[%clk 1:28:59]}
6. d4 {[%clk 1:25:18]} cxd4 {[%clk 1:29:23]} 7. Nxd4 {[%clk 1:25:40]} d6
{[%clk 1:24:21]} 8. exd6 {[%clk 1:23:58]} Bxd6 {[%clk 1:24:24]} 9. Be2
{[%clk 1:23:15]} Ne7 {[%clk 1:22:18]} 10. O-O {[%clk 1:22:26]} O-O
{[%clk 1:21:27]} 11. Be3 {[%clk 1:21:19]} e5 {[%clk 1:20:59]} 12. Nc2
{[%clk 1:19:10]} Nbc6 {[%clk 1:18:46]} 13. Qe1 {[%clk 1:09:58]} Bf5
{[%clk 1:11:00]} 14. Rc1 {[%clk 1:06:50]} Rc8 {[%clk 1:01:09]} 15. Bf3
{[%clk 1:01:43]} Be6 {[%clk 0:33:02]} 16. b3 {[%clk 1:00:06]} f5 {[%clk 0:31:26]}
17. Rd1 {[%clk 0:59:05]} e4 {[%clk 0:29:09]} 18. Bc5 {[%clk 0:50:07]} Bxc5
{[%clk 0:28:41]} 19. Rxd8 {[%clk 0:49:44]} Rfxd8 {[%clk 0:28:57]} 20. Be2
{[%clk 0:48:40]} Nb4 {[%clk 0:24:31]} 21. Nxb4 {[%clk 0:47:20]} Bxb4
{[%clk 0:24:46]} 22. Qc1 {[%clk 0:44:14]} Nc6 {[%clk 0:20:31]} 23. a3
{[%clk 0:41:40]} Bc5 {[%clk 0:13:55]} 24. b4 {[%clk 0:39:13]} Bd4
{[%clk 0:13:37]} 25. Rd1 {[%clk 0:37:54]} Ne5 {[%clk 0:12:27]} 26. Qg5
{[%clk 0:17:27]} Nf7 {[%clk 0:09:06]} 27. Qe7 {[%clk 0:08:35]} Re8
{[%clk 0:08:32]} 28. Qxe8+ {[%clk 0:08:51]} Rxe8 {[%clk 0:09:01]} 29. Rxd4
{[%clk 0:09:20]} Rd8 {[%clk 0:07:13]} 30. Rxd8+ {[%clk 0:09:23]} Nxd8
{[%clk 0:07:42]} 31. b5 {[%clk 0:08:58]} axb5 {[%clk 0:06:35]} 32. cxb5
{[%clk 0:09:03]} Kf7 {[%clk 0:06:40]} 33. f3 {[%clk 0:09:00]} exf3
{[%clk 0:06:48]} 34. Bxf3 {[%clk 0:09:05]} Ke7 {[%clk 0:06:34]} 35. Kf2
{[%clk 0:07:04]} g5 {[%clk 0:05:16]} 36. Ke3 {[%clk 0:05:50]} Kd6
{[%clk 0:05:07]} 37. Kd4 {[%clk 0:05:50]} Bb3 {[%clk 0:03:46]} 38. Bd5
{[%clk 0:04:13]} Bxd5 {[%clk 0:03:17]} 39. Nxd5 {[%clk 0:04:41]} Ne6+
{[%clk 0:03:46]} 40. Kc4 {[%clk 0:35:10]} h5 {[%clk 0:33:51]} 41. a4
{[%clk 0:31:18]} h4 {[%clk 0:20:51]} 42. h3 {[%clk 0:30:27]} g4 {[%clk 0:18:41]}
43. Ne3 {[%clk 0:29:52]} gxh3 {[%clk 0:18:34]} 44. Nxf5+ {[%clk 0:29:58]} Kc7
{[%clk 0:15:41]} 45. gxh3 {[%clk 0:30:15]} Nf4 {[%clk 0:15:57]} 46. Nxh4
{[%clk 0:30:34]} b6 {[%clk 0:15:06]} 47. Nf5 {[%clk 0:30:42]} Nxh3
{[%clk 0:15:34]} 48. a5 {[%clk 0:30:59]} bxa5 {[%clk 0:11:34]} 49. Kc5
{[%clk 0:31:21]} a4 {[%clk 0:08:23]} 50. b6+ {[%clk 0:31:41]} Kb7
{[%clk 0:08:48]} 51. Nd6+ {[%clk 0:31:05]} Kb8 {[%clk 0:09:16]} 52. Kc6
{[%clk 0:30:20]} Ng5 {[%clk 0:04:32]} 53. Nc4 {[%clk 0:27:58]} Nf7
{[%clk 0:03:07]} 54. Na5 {[%clk 0:27:32]} a3 {[%clk 0:02:04]} 1/2-1/2

[Event "MP do 16 lat - chlopcy"]
[Site "Sypniewo"]
[Date "2022.03.22"]
[Round "4.14"]
[White "Wesolek, Krzysztof"]
[Black "Kazmierowski, Tymon"]
[Result "1/2-1/2"]
[BlackElo "2032"]
[WhiteElo "1651"]
[LiveChessVersion "1.4.8"]

1. d4 {[%clk 1:30:55]} Nf6 {[%clk 1:30:51]} 2. Bg5 {[%clk 1:31:19]} c6
{[%clk 1:29:36]} 3. Bxf6 {[%clk 1:31:41]} exf6 {[%clk 1:29:59]} 4. c4
{[%clk 1:31:37]} Bb4+ {[%clk 1:29:30]} 5. Nc3 {[%clk 1:31:05]} O-O
{[%clk 1:27:40]} 6. e3 {[%clk 1:31:00]} d5 {[%clk 1:26:50]} 7. cxd5
{[%clk 1:30:33]} cxd5 {[%clk 1:26:52]} 8. Bd3 {[%clk 1:30:52]} Nc6
{[%clk 1:25:42]} 9. Nge2 {[%clk 1:30:43]} Be6 {[%clk 1:23:23]} 10. O-O
{[%clk 1:31:06]} Qd7 {[%clk 1:20:50]} 11. Rc1 {[%clk 1:29:29]} Rac8
{[%clk 1:19:11]} 12. Qa4 {[%clk 1:05:39]} Rfd8 {[%clk 1:11:37]} 13. Rfd1
{[%clk 0:54:13]} Bd6 {[%clk 1:06:08]} 14. e4 {[%clk 0:42:19]} Bb8
{[%clk 0:57:48]} 15. Bb5 {[%clk 0:34:00]} a6 {[%clk 0:47:27]} 16. Bxc6
{[%clk 0:29:42]} Qxc6 {[%clk 0:46:48]} 17. Qxc6 {[%clk 0:28:39]} bxc6
{[%clk 0:43:23]} 18. exd5 {[%clk 0:28:39]} Bxd5 {[%clk 0:42:33]} 19. Nxd5
{[%clk 0:28:37]} Rxd5 {[%clk 0:41:37]} 20. Nc3 {[%clk 0:25:39]} Rdd8
{[%clk 0:38:26]} 21. Na4 {[%clk 0:22:55]} Ba7 {[%clk 0:36:51]} 22. Nc5
{[%clk 0:22:44]} a5 {[%clk 0:36:32]} 23. Kf1 {[%clk 0:21:52]} Kf8
{[%clk 0:35:00]} 24. b3 {[%clk 0:21:01]} Rd5 {[%clk 0:34:49]} 25. Rc4
{[%clk 0:09:15]} Rcd8 {[%clk 0:31:14]} 26. Na6 {[%clk 0:05:14]} c5
{[%clk 0:29:19]} 27. Nc7 {[%clk 0:05:35]} Rxd4 {[%clk 0:29:06]} 28. Rcxd4
{[%clk 0:04:27]} cxd4 {[%clk 0:26:02]} 29. Nb5 {[%clk 0:04:50]} Bb6
{[%clk 0:25:44]} 30. Ke2 {[%clk 0:04:15]} Ke7 {[%clk 0:17:46]} 31. Kd3
{[%clk 0:03:36]} Rd5 {[%clk 0:06:34]} 32. a4 {[%clk 0:03:40]} f5 {[%clk 0:05:43]}
33. Rc1 {[%clk 0:03:04]} Kd7 {[%clk 0:03:04]} 34. Rc4 {[%clk 0:03:01]} Re5
{[%clk 0:01:28]} 1/2-1/2

[Event "MP do 16 lat - chlopcy"]
[Site "Sypniewo"]
[Date "2022.03.22"]
[Round "4.15"]
[White "Herwy, Jakub"]
[Black "Paprocki, Antoni"]
[Result "1/2-1/2"]
[BlackElo "1831"]
[WhiteElo "1947"]
[LiveChessVersion "1.4.8"]

1. e4 {[%clk 1:30:58]} c5 {[%clk 1:30:48]} 2. Be2 {[%clk 1:31:20]} Nc6
{[%clk 1:30:38]} 3. f4 {[%clk 1:31:33]} d5 {[%clk 1:30:42]} 4. d3
{[%clk 1:32:00]} e6 {[%clk 1:30:53]} 5. Nf3 {[%clk 1:31:17]} Bd6 {[%clk 1:30:59]}
6. O-O Nge7 {[%clk 1:31:17]} 7. c3 {[%clk 1:30:37]} f6 {[%clk 1:31:03]} 8. Be3
{[%clk 1:30:26]} Qc7 {[%clk 1:30:33]} 9. Qd2 {[%clk 1:25:16]} O-O
{[%clk 1:30:19]} 10. Na3 {[%clk 1:24:25]} a6 {[%clk 1:30:01]} 11. Nc2
{[%clk 1:24:43]} b6 {[%clk 1:28:22]} 12. b4 {[%clk 1:17:13]} Rd8 {[%clk 1:20:47]}
13. bxc5 {[%clk 1:11:40]} bxc5 {[%clk 1:21:10]} 14. Qc1 {[%clk 1:01:17]} Rb8
{[%clk 1:16:45]} 15. Nd2 {[%clk 0:55:46]} d4 {[%clk 1:07:15]} 16. cxd4
{[%clk 0:55:52]} cxd4 {[%clk 1:07:18]} 17. Nxd4 {[%clk 0:54:19]} Nxd4
{[%clk 1:07:14]} 18. Bxd4 {[%clk 0:54:24]} Qxc1 {[%clk 1:06:13]} 19. Raxc1
{[%clk 0:53:06]} Bxf4 {[%clk 0:55:27]} 20. Rxf4 {[%clk 0:53:03]} Rxd4
{[%clk 0:55:51]} 21. Nb3 {[%clk 0:51:20]} Ra4 {[%clk 0:48:14]} 22. Rc2
{[%clk 0:39:58]} e5 {[%clk 0:47:46]} 23. Rf1 {[%clk 0:40:18]} Ra3
{[%clk 0:36:34]} 24. d4 {[%clk 0:39:15]} exd4 {[%clk 0:35:27]} 25. Nxd4
{[%clk 0:39:29]} Re3 {[%clk 0:33:31]} 26. Bc4+ {[%clk 0:37:46]} Kf8
{[%clk 0:32:54]} 27. Bd5 {[%clk 0:37:44]} Bd7 {[%clk 0:23:43]} 28. Rd1 Nxd5
{[%clk 0:04:55]} 29. exd5 {[%clk 0:30:33]} Ba4 {[%clk 0:05:12]} 30. Nb3
{[%clk 0:30:42]} Bxb3 {[%clk 0:05:05]} 31. axb3 {[%clk 0:31:09]} Rexb3
{[%clk 0:05:06]} 32. d6 {[%clk 0:30:43]} Rd8 33. d7 {[%clk 0:24:44]} Rb7
{[%clk 0:04:21]} 34. Ra2 {[%clk 0:25:01]} Rbxd7 {[%clk 0:04:09]} 35. Rxd7
{[%clk 0:25:21]} Rxd7 {[%clk 0:04:35]} 36. Rxa6 {[%clk 0:25:47]} Kf7
{[%clk 0:04:58]} 37. Ra2 {[%clk 0:26:04]} g5 {[%clk 0:05:01]} 38. g3
{[%clk 0:23:18]} Kg6 {[%clk 0:05:25]} 39. Kg2 {[%clk 0:23:29]} h5
{[%clk 0:04:55]} 40. Rf2 {[%clk 0:53:37]} Rd3 {[%clk 0:34:52]} 41. Ra2
{[%clk 0:53:49]} g4 {[%clk 0:32:57]} 42. Rb2 {[%clk 0:53:44]} Rd5
{[%clk 0:33:09]} 43. Ra2 {[%clk 0:53:53]} h4 {[%clk 0:30:30]} 44. gxh4
{[%clk 0:54:04]} Rd3 {[%clk 0:28:48]} 45. Ra4 {[%clk 0:45:23]} f5
{[%clk 0:27:10]} 46. Ra6+ {[%clk 0:45:32]} Kh5 {[%clk 0:27:20]} 47. Rf6
{[%clk 0:45:20]} Rf3 {[%clk 0:24:35]} 48. h3 {[%clk 0:44:30]} Kxh4
{[%clk 0:24:45]} 49. hxg4 {[%clk 0:44:46]} Kxg4 {[%clk 0:24:33]} 50. Rg6+
{[%clk 0:44:57]} Kf4 {[%clk 0:24:57]} 51. Ra6 {[%clk 0:44:56]} Rb3
{[%clk 0:25:06]} 52. Ra4+ {[%clk 0:44:02]} Kg5 {[%clk 0:25:30]} 53. Kf2
{[%clk 0:44:06]} f4 {[%clk 0:24:40]} 1/2-1/2

[Event "MP do 16 lat - chlopcy"]
[Site "Sypniewo"]
[Date "2022.03.22"]
[Round "4.16"]
[White "Kubik, Rafal"]
[Black "Kutowski, Marcel"]
[Result "1/2-1/2"]
[BlackElo "1914"]
[WhiteElo "1732"]
[LiveChessVersion "1.4.8"]

1. e4 {[%clk 1:30:58]} c5 {[%clk 1:30:51]} 2. c3 {[%clk 1:31:24]} Nf6
{[%clk 1:31:15]} 3. e5 {[%clk 1:31:50]} Nd5 {[%clk 1:31:40]} 4. Nf3
{[%clk 1:32:14]} d6 {[%clk 1:31:52]} 5. exd6 {[%clk 1:32:33]} e6 {[%clk 1:30:04]}
6. g3 {[%clk 1:32:48]} Bxd6 {[%clk 1:30:27]} 7. Bg2 {[%clk 1:33:09]} O-O
{[%clk 1:30:11]} 8. O-O {[%clk 1:33:29]} Nc6 {[%clk 1:23:45]} 9. d4
{[%clk 1:33:49]} Bd7 {[%clk 1:12:31]} 10. c4 {[%clk 1:24:00]} Nb6
{[%clk 1:11:16]} 11. dxc5 {[%clk 1:21:02]} Bxc5 {[%clk 1:11:23]} 12. Qe2
{[%clk 1:19:21]} Qe7 {[%clk 1:06:05]} 13. b3 {[%clk 1:14:34]} e5 {[%clk 1:01:47]}
14. Nc3 {[%clk 1:07:26]} Bg4 {[%clk 0:48:48]} 15. Be3 {[%clk 0:55:21]} Nd4
{[%clk 0:38:24]} 16. Bxd4 {[%clk 0:55:11]} Bxd4 {[%clk 0:38:48]} 17. Qc2
{[%clk 0:51:33]} Bxf3 {[%clk 0:37:10]} 18. Bxf3 {[%clk 0:51:57]} e4
{[%clk 0:36:19]} 19. Be2 {[%clk 0:49:47]} e3 {[%clk 0:34:55]} 20. f4
{[%clk 0:48:37]} Rad8 {[%clk 0:34:03]} 21. Rad1 {[%clk 0:47:20]} Bc5
{[%clk 0:27:22]} 22. Kg2 {[%clk 0:42:11]} Bb4 {[%clk 0:23:35]} 23. Ne4
{[%clk 0:34:27]} Rfe8 {[%clk 0:15:39]} 24. Rxd8 {[%clk 0:29:40]} Rxd8
{[%clk 0:13:36]} 25. Rd1 {[%clk 0:29:44]} Rxd1 {[%clk 0:13:12]} 26. Bxd1 Nd7
{[%clk 0:11:46]} 27. Be2 {[%clk 0:28:11]} Nc5 {[%clk 0:11:26]} 28. Nxc5
{[%clk 0:28:13]} Bxc5 {[%clk 0:11:46]} 29. Qd3 {[%clk 0:27:41]} g6
{[%clk 0:11:59]} 30. Qd5 {[%clk 0:25:35]} b6 {[%clk 0:12:12]} 31. Qe5
{[%clk 0:24:07]} Qb7+ {[%clk 0:11:07]} 32. Qd5 {[%clk 0:22:49]} Qa6
{[%clk 0:08:39]} 33. a4 {[%clk 0:22:36]} Qa5 {[%clk 0:08:15]} 34. Kf1
{[%clk 0:21:10]} Qc3 {[%clk 0:08:30]} 35. Qd3 {[%clk 0:20:32]} Qc1+
{[%clk 0:08:43]} 36. Qd1 {[%clk 0:20:33]} Qb2 {[%clk 0:08:55]} 37. Qd3
{[%clk 0:20:00]} Kg7 {[%clk 0:08:34]} 38. Qd1 {[%clk 0:19:49]} Bb4
{[%clk 0:08:15]} 39. Qd3 {[%clk 0:18:53]} Bd2 {[%clk 0:06:28]} 40. Bd1
{[%clk 0:47:56]} Qa1 {[%clk 0:36:29]} 41. Ke2 {[%clk 0:47:17]} Qb2
{[%clk 0:34:22]} 42. Kf1 {[%clk 0:44:47]} h5 {[%clk 0:33:23]} 43. Ke2
{[%clk 0:42:45]} h4 {[%clk 0:30:44]} 44. Qc2 {[%clk 0:42:25]} Qd4
{[%clk 0:30:50]} 45. Qd3 {[%clk 0:42:31]} Qa1 {[%clk 0:27:02]} 46. Qe4
{[%clk 0:41:10]} hxg3 {[%clk 0:25:13]} 47. hxg3 {[%clk 0:41:28]} Qb2
{[%clk 0:24:33]} 48. Qe5+ {[%clk 0:41:19]} Qxe5 {[%clk 0:24:58]} 49. fxe5
{[%clk 0:41:47]} a5 {[%clk 0:25:15]} 50. Kf3 {[%clk 0:41:24]} Kf8
{[%clk 0:25:36]} 1/2-1/2

[Event "MP do 16 lat - chlopcy"]
[Site "Sypniewo"]
[Date "2022.03.22"]
[Round "4.17"]
[White "Wiatrowski, Zbigniew"]
[Black "Zdybel, Przemyslaw"]
[Result "0-1"]
[BlackElo "2008"]
[WhiteElo "1880"]
[LiveChessVersion "1.4.8"]

1. e4 {[%clk 1:30:59]} c5 {[%clk 1:30:56]} 2. Nf3 d6 {[%clk 1:31:19]} 3. Bb5+
{[%clk 1:31:53]} Bd7 {[%clk 1:31:40]} 4. c4 {[%clk 1:32:11]} Nf6 {[%clk 1:28:52]}
5. Nc3 {[%clk 1:30:30]} g6 {[%clk 1:27:12]} 6. O-O {[%clk 1:29:56]} Bg7
{[%clk 1:26:28]} 7. d4 {[%clk 1:21:18]} cxd4 {[%clk 1:21:57]} 8. Nxd4
{[%clk 1:18:41]} O-O {[%clk 1:22:10]} 9. h3 {[%clk 1:13:24]} Bxb5
{[%clk 1:17:24]} 10. cxb5 {[%clk 1:10:35]} Nbd7 {[%clk 1:15:13]} 11. Qe2
{[%clk 1:09:02]} Rc8 {[%clk 1:15:13]} 12. Rd1 {[%clk 1:09:02]} h6
{[%clk 1:15:13]} 13. Be3 {[%clk 1:09:02]} Ne5 {[%clk 0:30:03]} 14. f4
{[%clk 0:54:39]} Nc4 {[%clk 0:29:32]} 15. Nc6 {[%clk 0:49:18]} bxc6
{[%clk 0:26:58]} 16. Qxc4 {[%clk 0:49:33]} cxb5 {[%clk 0:26:10]} 17. Qxb5
{[%clk 0:49:28]} Rb8 {[%clk 0:26:04]} 18. Qe2 {[%clk 0:44:25]} Qa5
{[%clk 0:26:22]} 19. Rd4 {[%clk 0:42:33]} Rb7 {[%clk 0:25:14]} 20. Ra4
{[%clk 0:40:18]} Qc7 {[%clk 0:24:22]} 21. Rc4 {[%clk 0:37:47]} Qb8
{[%clk 0:23:20]} 22. Rb1 {[%clk 0:36:01]} Rc8 {[%clk 0:17:58]} 23. b4
{[%clk 0:32:25]} e6 {[%clk 0:07:55]} 24. a4 {[%clk 0:25:18]} d5 {[%clk 0:03:05]}
25. exd5 {[%clk 0:15:48]} Nxd5 {[%clk 0:03:08]} 26. Nxd5 {[%clk 0:13:32]} exd5
{[%clk 0:03:29]} 27. Rxc8+ {[%clk 0:13:29]} Qxc8 {[%clk 0:03:58]} 28. Qf2
{[%clk 0:13:07]} Qc4 {[%clk 0:02:06]} 29. f5 {[%clk 0:11:03]} d4 {[%clk 0:00:52]}
30. Bd2 {[%clk 0:11:02]} Rb8 {[%clk 0:00:36]} 31. f6 {[%clk 0:11:03]} Bf8
{[%clk 0:01:04]} 32. Rc1 {[%clk 0:10:53]} Qd5 {[%clk 0:01:02]} 33. Qh4
{[%clk 0:09:37]} g5 {[%clk 0:00:50]} 34. Qg3 {[%clk 0:09:17]} Bd6
{[%clk 0:00:52]} 35. Qg4 {[%clk 0:08:21]} Qe5 {[%clk 0:01:10]} 36. h4
{[%clk 0:07:58]} Qh2+ {[%clk 0:01:08]} 37. Kf2 {[%clk 0:08:22]} Qxh4+
{[%clk 0:00:57]} 38. Qxh4 gxh4 {[%clk 0:01:26]} 39. b5 {[%clk 0:08:35]} Re8
{[%clk 0:00:48]} 40. Rc4 {[%clk 0:32:07]} Re6 {[%clk 0:30:37]} 41. Bb4
{[%clk 0:24:54]} Bg3+ {[%clk 0:09:29]} 42. Kf3 {[%clk 0:18:49]} Rxf6+
{[%clk 0:09:26]} 43. Kg4 {[%clk 0:18:44]} Rf4+ {[%clk 0:07:55]} 44. Kh5
{[%clk 0:18:48]} h3 {[%clk 0:04:34]} 45. Kxh6 {[%clk 0:16:29]} Rf6+
{[%clk 0:02:56]} 46. Kg5 {[%clk 0:16:43]} Rg6+ {[%clk 0:03:22]} 47. Kf5
{[%clk 0:17:04]} hxg2 {[%clk 0:03:28]} 48. Rxd4 {[%clk 0:16:02]} g1=Q
{[%clk 0:03:23]} 49. Bc3 {[%clk 0:16:30]} Qf2+ {[%clk 0:03:09]} 0-1

[Event "MP do 16 lat - chlopcy"]
[Site "Sypniewo"]
[Date "2022.03.22"]
[Round "4.18"]
[White "Grzadka, Artur"]
[Black "Maslanka, Wojciech"]
[Result "0-1"]
[BlackElo "1980"]
[WhiteElo "1710"]
[LiveChessVersion "1.4.8"]

1. c4 {[%clk 1:30:56]} e5 {[%clk 1:30:19]} 2. Nc3 {[%clk 1:31:09]} Nf6
{[%clk 1:30:29]} 3. g3 {[%clk 1:30:59]} Bb4 {[%clk 1:29:40]} 4. Bg2
{[%clk 1:30:56]} O-O {[%clk 1:28:33]} 5. e3 {[%clk 1:30:17]} Bxc3
{[%clk 1:22:44]} 6. bxc3 {[%clk 1:29:55]} e4 {[%clk 1:22:37]} 7. Qc2
{[%clk 1:27:39]} Re8 {[%clk 1:21:53]} 8. Ne2 {[%clk 1:27:27]} b6 {[%clk 1:19:35]}
9. O-O {[%clk 1:24:24]} Bb7 {[%clk 1:18:45]} 10. Ba3 {[%clk 1:23:54]} Nc6
{[%clk 1:13:01]} 11. Nd4 {[%clk 1:13:33]} Ne5 {[%clk 1:13:03]} 12. c5
{[%clk 1:10:01]} Nf3+ {[%clk 1:04:41]} 13. Nxf3 {[%clk 0:51:22]} exf3
{[%clk 1:03:39]} 14. Bh3 {[%clk 0:51:47]} Ne4 {[%clk 1:00:42]} 15. Rfe1
{[%clk 0:50:40]} bxc5 {[%clk 0:58:54]} 16. d3 {[%clk 0:35:26]} Ng5
{[%clk 0:58:36]} 17. Bf1 {[%clk 0:35:34]} d6 {[%clk 0:55:16]} 18. e4
{[%clk 0:33:45]} Bc8 {[%clk 0:47:14]} 19. Re3 {[%clk 0:27:10]} Bh3
{[%clk 0:35:10]} 20. Bxh3 {[%clk 0:22:06]} Nxh3+ {[%clk 0:35:34]} 21. Kf1
{[%clk 0:21:09]} Qf6 {[%clk 0:34:40]} 22. Bb2 {[%clk 0:20:39]} Rab8
{[%clk 0:33:49]} 23. Rb1 {[%clk 0:18:50]} Qe6 {[%clk 0:33:24]} 24. Rxf3
{[%clk 0:11:23]} Qxa2 {[%clk 0:31:39]} 25. Kg2 {[%clk 0:08:19]} Ng5
{[%clk 0:31:24]} 26. Re3 {[%clk 0:08:33]} Rb7 {[%clk 0:26:52]} 27. Re2
{[%clk 0:05:58]} Reb8 {[%clk 0:25:32]} 28. Qc1 {[%clk 0:05:05]} Ne6
{[%clk 0:25:23]} 29. Ra1 {[%clk 0:04:33]} Qb3 {[%clk 0:25:47]} 30. Ra5
{[%clk 0:03:29]} Nd8 {[%clk 0:18:33]} 31. Qa1 {[%clk 0:01:32]} Nc6
{[%clk 0:17:37]} 32. Ra4 {[%clk 0:01:43]} Qe6 {[%clk 0:17:18]} 33. d4
{[%clk 0:01:48]} cxd4 {[%clk 0:16:41]} 34. cxd4 {[%clk 0:02:09]} d5
{[%clk 0:17:03]} 35. f3 {[%clk 0:01:57]} dxe4 {[%clk 0:16:16]} 36. fxe4
{[%clk 0:02:18]} Qg4 {[%clk 0:16:40]} 37. Kf2 {[%clk 0:01:43]} Rb3
{[%clk 0:15:59]} 38. d5 {[%clk 0:01:44]} Qf3+ {[%clk 0:15:20]} 39. Ke1
{[%clk 0:02:01]} Nb4 {[%clk 0:15:06]} 40. Rxb4 {[%clk 0:30:49]} R8xb4
{[%clk 0:44:53]} 41. Qxa7 {[%clk 0:30:35]} Qh1+ {[%clk 0:45:12]} 42. Kf2
{[%clk 0:30:37]} Rf3# {[%clk 0:45:34]} 0-1

[Event "MP do 16 lat - chlopcy"]
[Site "Sypniewo"]
[Date "2022.03.22"]
[Round "4.19"]
[White "Taranowicz, Michal"]
[Black "Wydmanski, Szymon"]
[Result "0-1"]
[BlackElo "1756"]
[WhiteElo "1965"]
[LiveChessVersion "1.4.8"]

1. e4 {[%clk 1:30:58]} c5 {[%clk 1:30:28]} 2. Nf3 {[%clk 1:31:24]} Nc6
{[%clk 1:30:50]} 3. Bb5 {[%clk 1:30:40]} Nd4 {[%clk 1:27:02]} 4. Nxd4
{[%clk 1:30:15]} cxd4 {[%clk 1:27:25]} 5. O-O {[%clk 1:30:40]} g6
{[%clk 1:26:19]} 6. d3 {[%clk 1:28:12]} Bg7 {[%clk 1:25:09]} 7. f4
{[%clk 1:26:03]} a6 {[%clk 1:21:39]} 8. Bc4 {[%clk 1:23:30]} d6 {[%clk 1:20:32]}
9. Nd2 {[%clk 1:22:50]} Nf6 {[%clk 1:18:51]} 10. Nf3 {[%clk 1:21:35]} d5
{[%clk 1:16:25]} 11. Bb3 {[%clk 1:18:05]} dxe4 {[%clk 1:12:34]} 12. Ng5
{[%clk 1:18:31]} O-O {[%clk 1:10:11]} 13. Nxe4 {[%clk 1:18:14]} b5
{[%clk 1:02:35]} 14. Qf3 {[%clk 1:13:52]} Rb8 {[%clk 0:55:46]} 15. Bd2
{[%clk 1:12:41]} Kh8 {[%clk 0:47:51]} 16. Rae1 {[%clk 1:11:17]} Nxe4
{[%clk 0:39:07]} 17. dxe4 {[%clk 1:10:04]} a5 {[%clk 0:34:33]} 18. a3
{[%clk 1:08:42]} e6 {[%clk 0:29:00]} 19. g4 {[%clk 1:03:57]} f5 {[%clk 0:27:28]}
20. gxf5 {[%clk 0:53:57]} exf5 {[%clk 0:27:12]} 21. e5 {[%clk 0:52:49]} Bb7
{[%clk 0:24:21]} 22. Qf2 {[%clk 0:52:19]} Qb6 {[%clk 0:20:56]} 23. h4
{[%clk 0:43:19]} b4 {[%clk 0:16:01]} 24. axb4 {[%clk 0:40:47]} axb4
{[%clk 0:16:23]} 25. Rd1 {[%clk 0:35:23]} Rfd8 {[%clk 0:14:50]} 26. Bc1
{[%clk 0:31:30]} Bf8 {[%clk 0:12:23]} 27. Kh2 {[%clk 0:26:53]} Be7
{[%clk 0:07:55]} 28. Rd2 {[%clk 0:07:59]} Qc6 {[%clk 0:06:18]} 29. Rg1
{[%clk 0:07:22]} Bc5 {[%clk 0:04:22]} 30. Qg3 {[%clk 0:05:56]} Kg7
{[%clk 0:02:30]} 31. Rgd1 {[%clk 0:05:19]} Rd7 {[%clk 0:00:41]} 32. Bc4
{[%clk 0:04:15]} Ba6 {[%clk 0:00:34]} 33. Bxa6 {[%clk 0:03:34]} Qxa6
{[%clk 0:00:59]} 34. b3 {[%clk 0:03:53]} Qa1 {[%clk 0:00:46]} 35. Rd3
{[%clk 0:02:18]} Qb1 {[%clk 0:00:41]} 36. Qg2 {[%clk 0:01:24]} Rc8
{[%clk 0:00:54]} 37. Be3 {[%clk 0:01:04]} Qb2 {[%clk 0:01:16]} 38. Bg1
{[%clk 0:01:12]} Bb6 {[%clk 0:01:30]} 39. R1d2 {[%clk 0:01:33]} Rdc7
{[%clk 0:00:34]} 40. Qe2 {[%clk 0:30:40]} Rxc2 {[%clk 0:30:37]} 41. e6
{[%clk 0:24:57]} Kf8 {[%clk 0:17:39]} 42. Bf2 {[%clk 0:18:48]} Ke7
{[%clk 0:13:39]} 43. h5 {[%clk 0:18:23]} g5 {[%clk 0:10:23]} 44. fxg5
{[%clk 0:18:29]} Bc7+ {[%clk 0:07:51]} 45. Kg2 {[%clk 0:13:04]} Bf4
{[%clk 0:05:58]} 46. Rxc2 {[%clk 0:09:22]} Rxc2 {[%clk 0:06:17]} 47. Qf3
{[%clk 0:09:33]} Be3 {[%clk 0:05:30]} 48. Qb7+ {[%clk 0:07:55]} Kxe6
{[%clk 0:05:39]} 49. Rxe3+ {[%clk 0:05:21]} dxe3 {[%clk 0:05:56]} 50. Qb6+
{[%clk 0:05:45]} Kd5 {[%clk 0:02:08]} 51. Qb7+ {[%clk 0:01:50]} Kd4
{[%clk 0:00:42]} 52. Qxb4+ {[%clk 0:01:08]} Kd3 {[%clk 0:00:49]} 53. Qd6+
{[%clk 0:00:45]} Ke2 {[%clk 0:00:33]} 54. Bg3 {[%clk 0:00:37]} Rd2
{[%clk 0:00:44]} 55. Qe6 {[%clk 0:00:44]} Kd1+ {[%clk 0:01:01]} 56. Kh3
{[%clk 0:01:02]} e2 {[%clk 0:00:50]} 57. g6 {[%clk 0:00:54]} hxg6
{[%clk 0:00:50]} 58. h6 {[%clk 0:01:20]} Qd4 {[%clk 0:00:34]} 59. Qxg6
{[%clk 0:01:22]} e1=Q {[%clk 0:00:42]} 60. Bxe1 {[%clk 0:01:31]} Kxe1
{[%clk 0:00:42]} 61. Qg3+ {[%clk 0:01:28]} Kd1 {[%clk 0:00:36]} 0-1

[Event "MP do 16 lat - chlopcy"]
[Site "Sypniewo"]
[Date "2022.03.22"]
[Round "4.20"]
[White "Bajer, Tomasz"]
[Black "Jedraszek, Pawel"]
[Result "0-1"]
[BlackElo "1954"]
[WhiteElo "1460"]
[LiveChessVersion "1.4.8"]

1. Nf3 {[%clk 1:30:57]} Nf6 {[%clk 1:30:44]} 2. g3 {[%clk 1:31:21]} g6
{[%clk 1:30:51]} 3. Bg2 {[%clk 1:31:41]} Bg7 {[%clk 1:31:08]} 4. O-O
{[%clk 1:32:04]} O-O {[%clk 1:31:20]} 5. d3 {[%clk 1:32:13]} d6 {[%clk 1:31:34]}
6. Nbd2 {[%clk 1:32:34]} e5 {[%clk 1:29:38]} 7. c4 {[%clk 1:28:30]} Nh5
{[%clk 1:28:51]} 8. Rb1 {[%clk 1:27:07]} f5 {[%clk 1:27:07]} 9. b4
{[%clk 1:24:23]} Nc6 {[%clk 1:27:26]} 10. b5 {[%clk 1:21:53]} Ne7
{[%clk 1:27:52]} 11. Qb3 {[%clk 1:18:10]} Kh8 {[%clk 1:26:46]} 12. a4
{[%clk 1:14:51]} Rb8 {[%clk 1:25:23]} 13. a5 {[%clk 1:05:55]} b6 {[%clk 1:25:46]}
14. axb6 {[%clk 1:05:47]} axb6 {[%clk 1:26:13]} 15. Bb2 {[%clk 1:06:07]} h6
{[%clk 1:23:22]} 16. Ra1 {[%clk 1:04:54]} g5 {[%clk 1:18:41]} 17. Ra7
{[%clk 0:59:58]} Ng6 {[%clk 1:07:16]} 18. Ne1 {[%clk 0:52:10]} f4
{[%clk 0:46:00]} 19. Nc2 {[%clk 0:49:23]} Bg4 {[%clk 0:43:54]} 20. Nf3
{[%clk 0:46:50]} Qd7 {[%clk 0:42:21]} 21. Rfa1 {[%clk 0:44:05]} Rbc8
{[%clk 0:38:52]} 22. Nb4 {[%clk 0:40:51]} Bh3 {[%clk 0:38:02]} 23. Bh1
{[%clk 0:41:11]} Qg4 {[%clk 0:37:47]} 24. Qd1 {[%clk 0:35:51]} fxg3
{[%clk 0:37:53]} 25. fxg3 {[%clk 0:34:04]} Nxg3 {[%clk 0:38:06]} 26. Kf2
{[%clk 0:34:30]} Nxh1+ {[%clk 0:36:52]} 27. Qxh1 {[%clk 0:34:53]} Nh4
{[%clk 0:36:53]} 28. Rg1 {[%clk 0:31:37]} Qh5 {[%clk 0:35:09]} 29. Ke3
{[%clk 0:29:43]} g4 {[%clk 0:34:03]} 30. Nxh4 {[%clk 0:29:22]} Qg5+
{[%clk 0:34:25]} 31. Ke4 {[%clk 0:29:42]} Qxh4 {[%clk 0:29:33]} 32. Rg3
{[%clk 0:28:44]} Qh5 {[%clk 0:28:59]} 33. Qc1 {[%clk 0:27:22]} Qf5+
{[%clk 0:28:58]} 34. Kd5 {[%clk 0:27:37]} c6+ {[%clk 0:27:40]} 35. Kxd6
{[%clk 0:27:42]} Rfd8+ {[%clk 0:27:54]} 36. Ke7 {[%clk 0:28:03]} Bf8#
{[%clk 0:28:18]} 0-1